000 00571nam a22002297a 4500
003 UA-OsUOA
001 136352
007 ta
008 20190320b un ||||| |||| 00| 0 ukr d
100 _aОстровський М.
090 _a883
_bО-77
942 _cBK
040 _aUA-OsUOA
_bukr
_cUA-OsUOA
_dUA-OsUOA
245 _aЯк гпртувалася сталь
300 _a605 с.
955 _a3
041 _aukr
080 _a883
260 _aК.
_bМолодь
_c1949
650 7 _a883 Українська література
_2UDC
999 _c416372
_d416372